Vista normal
Vista MARC
Entrada Meeting Name
Número de registros utilizados en: 1
001 - CONTROL NUMBER
- control field: 2641
003 - CONTROL NUMBER IDENTIFIER
- control field: OSt
005 - DATE AND TIME OF LATEST TRANSACTION
- control field: 20200407023444.0
008 - FIXED-LENGTH DATA ELEMENTS
- fixed length control field: 200407|| aca||aabn | a|a d
040 ## - CATALOGING SOURCE
- Original cataloging agency: OSt
- Transcribing agency: OSt
111 ## - HEADING--MEETING NAME
- Meeting name or jurisdiction name as entry element: Seminario sobre la sostenibilidad de la política de seguridad democrática en Colombia
- Relator term: Cartagena)
670 ## - SOURCE DATA FOUND
- Source citation: Work cat.: (OSt)5157: Seminario sobre la sostenibilidad de la política de seguridad democrática en Colombia (2004 : Cartagena), Seminario sobre la Sostenibilidad de la Política de Seguridad Democrática en Colombia / , 2005